Iran and Its Culture (Record no. 19549)

MARC details
000 -LEADER
fixed length control field 00547nam a2200229 a 4500
020 ## - INTERNATIONAL STANDARD BOOK NUMBER
ISBN
082 00 - DEWEY DECIMAL CLASSIFICATION NUMBER
Classification number 955
Author Cutter DAV
100 ## - MAIN ENTRY--AUTHOR NAME
Author name Davar, Firoze Cowasji
245 ## - TITLE STATEMENT
Title Iran and Its Culture
260 ## - PUBLICATION, DISTRIBUTION, ETC. (IMPRINT)
Place of publication Bombay
Name of publisher New Book Co
Year of publication 1953
300 ## - PHYSICAL DESCRIPTION
Number of Pages 490p
500 ## - GENERAL NOTE
General note includes index and biblioraphy
650 ## - SUBJECT ADDED ENTRY--TOPICAL TERM
Topical Term Iran-History
942 ## - ADDED ENTRY ELEMENTS (KOHA)
Koha item type Books
700 1# -
-- Davar, Firoze Cowasji
Holdings
Home library Current library Date acquired Cost, normal purchase price Full call number Accession Number Koha item type
Henry Martyn Institute Library Henry Martyn Institute Library 05/08/2013 0.00 955 DAV 11002383 E-Books
                   Copyright © 2026 | Henry Martyn Institute | Hyderabad | TS-500052 | INDIA | Implemented by hmi.edu.in
Hit-Count:

Powered by Koha